| 000 | 00883nam a2200253Ia 4500 | ||
|---|---|---|---|
| 003 | OSt | ||
| 005 | 20220930091826.0 | ||
| 006 | a|||||r|||| 00| 0 | ||
| 007 | ta | ||
| 008 | 220926b |||||||| |||| 00| 0 eng d | ||
| 024 | _a10301 | ||
| 037 | _cTheses | ||
| 040 |
_aCRL _cCRL _beng |
||
| 041 |
_2eng _aeng |
||
| 100 |
_aNagar Ashish _9525746 |
||
| 110 |
_aUniversity of Delhi. Faculty of Science. Delhi Institute of Pharmaceutical Sciences and Research _9541603 |
||
| 245 | 0 | _aAssessment of anti asthmatic efficacy of achillea millifolium and rubia cordifolia in wristar albino rats | |
| 260 | _c2013 | ||
| 650 |
_aPHARMACY _9222451 |
||
| 700 | _a Srinivasan B P Gu. | ||
| 700 |
_aUniversity of Delhi. Faculty of Science. Delhi Institute of Pharmaceutical Sciences and Research _9541605 |
||
| 942 |
_cDIS _2CC |
||
| 999 |
_c882716 _d882716 |
||